[Event "Wch U12"]
[Site "Batumi"]
[Date "2022.09.20"]
[Round "5"]
[White "Nurgaliyev, Sauat"]
[Black "Kabinazar, Nurmukhammed"]
[Result "1-0"]
[WhiteElo "2133"]
[BlackElo "1616"]
[PlyCount "65"]
[EventDate "2022.09.16"]
[EventType "swiss"]
[EventRounds "11"]
[EventCountry "GEO"]
[SourceTitle "EXT 2023"]
[Source "ChessBase"]
[SourceDate "2022.10.05"]
[SourceVersion "1"]
[SourceVersionDate "2022.10.05"]
[SourceQuality "1"]

1. e4 e5 2. Nf3 Nc6 3. Bb5 a6 4. Ba4 Nf6 5. 0-0 Be7 6. Re1 b5 7. Bb3 0-0 8. c3 d5 9. exd5 Nxd5 10. Nxe5 Nxe5 11. Rxe5 c6 12. d3 Bd6 13. Re1 Qh4 14. g3 Qh3 15. Re4 Bd7 16. Nd2 Qf5 17. Bc2 Nf6 18. Rb4 Ng4 19. Nf3 Qg6 20. d4 f5 21. Bg5 Nf6 22. Bf4 Nd5 23. Bxd6 Qxd6 24. Ne5 g6 25. Qd2 f4 26. Be4 fxg3 27. hxg3 Bf5 28. Re1 Rae8 29. Qh6 Qc7 30. Kg2 Qg7 31. Qxg7+ Kxg7 32. Bf3 g5 33. Kh1 1-0

[Event "Wch U12"]
[Site "Batumi"]
[Date "2022.09.19"]
[Round "4"]
[White "Liu, William Rui"]
[Black "Nurgaliyev, Sauat"]
[Result "1-0"]
[WhiteElo "1700"]
[BlackElo "2133"]
[PlyCount "119"]
[EventDate "2022.09.16"]
[EventType "swiss"]
[EventRounds "11"]
[EventCountry "GEO"]
[SourceTitle "EXT 2023"]
[Source "ChessBase"]
[SourceDate "2022.10.05"]
[SourceVersion "1"]
[SourceVersionDate "2022.10.05"]
[SourceQuality "1"]

1. e4 c5 2. Nf3 d6 3. d4 cxd4 4. Nxd4 Nf6 5. Nc3 a6 6. Bg5 e6 7. f4 h6 8. Bh4 Qb6 9. a3 Nbd7 10. Bf2 Qc7 11. Qf3 b5 12. 0-0-0 Bb7 13. g4 d5 14. e5 Ne4 15. Nxe4 dxe4 16. Qe3 Be7 17. h4 Rc8 18. Bg2 Nb6 19. Bxe4 Nc4 20. Qe2 Nxb2 21. Bxb7 Bxa3 22. Qf3 Qa5 23. Bxc8 0-0 24. Be1 Qa4 25. Bb7 Rd8 26. Bc3 Nxd1+ 27. Kxd1 Bc5 28. Rh2 b4 29. Bb2 Qa2 30. Qb3 Qb1+ 31. Ke2 Bxd4 32. Bxd4 Qc1 33. Be3 Qd1+ 34. Kf2 Qxg4 35. Bf3 Qf5 36. Qc4 a5 37. Qe4 a4 38. Qxf5 exf5 39. Bc5 b3 40. cxb3 axb3 41. Kg3 Rc8 42. Bd6 g5 43. hxg5 hxg5 44. fxg5 Kg7 45. Rb2 Kg6 46. Rxb3 Kxg5 47. Be7+ Kg6 48. Rb6+ Kg7 49. Bf6+ Kg6 50. Be7+ Kg7 51. Kf4 Rc3 52. Bh5 Rc1 53. Kxf5 Re1 54. Bf6+ Kh6 55. Bh4+ Kxh5 56. Bxe1 f6 57. Rb8 Kh6 58. Kxf6 Kh5 59. Rg8 Kh6 60. Rh8# 1-0